Geological fluid dynamics : (Record no. 15205)

MARC details
000 -LEADER
fixed length control field 01245cam a2200325 i 4500
001 - CONTROL NUMBER
control field 15762424
003 - CONTROL NUMBER IDENTIFIER
control field EG-ScBUE
005 - DATE AND TIME OF LATEST TRANSACTION
control field 20260331131916.0
008 - FIXED-LENGTH DATA ELEMENTS--GENERAL INFORMATION
fixed length control field 090604s2009 enkab f b 001 0 eng d
020 ## - INTERNATIONAL STANDARD BOOK NUMBER
International Standard Book Number 0521865557 (hbk.)
020 ## - INTERNATIONAL STANDARD BOOK NUMBER
International Standard Book Number 9780521865555 (hbk.)
035 ## - SYSTEM CONTROL NUMBER
System control number (OCoLC)ocn233543956
040 ## - CATALOGING SOURCE
Original cataloging agency UKM
Language of cataloging eng
Description conventions rda
Transcribing agency UKM
Modifying agency BTCTA
-- BAKER
-- YDXCP
-- BWKUK
-- BWK
-- SUC
-- AGL
-- IQU
-- DLC
-- EG-ScBUE
082 04 - DEWEY DECIMAL CLASSIFICATION NUMBER
Classification number 551.49
Edition number 22
Item number PHI
100 1# - MAIN ENTRY--PERSONAL NAME
Personal name Phillips, O. M.
Fuller form of name (Owen M.),
Dates associated with a name 1930-
Relator term author.
9 (RLIN) 23432
245 10 - TITLE STATEMENT
Title Geological fluid dynamics :
Remainder of title sub-surface flow and reactions /
Statement of responsibility, etc O. M. Phillips, FRS, decker professor emeritus at the Johns Hopkins University.
264 #1 - PUBLICATION, DISTRIBUTION, ETC. (IMPRINT)
Place of publication, distribution, etc Cambridge, UK ;
-- New York :
Name of publisher, distributor, etc Cambridge University Press,
Date of publication, distribution, etc 2009.
300 ## - PHYSICAL DESCRIPTION
Extent xi, 285 pages :
Other physical details illustrations , maps ;
Dimensions 26 cm
336 ## - CONTENT TYPE
Source rdacontent
Content type term text
Content type code txt
337 ## - MEDIA TYPE
Media type term unmediated
Source rdamedia
Media type code n
338 ## - CARRIER TYPE
Carrier type term volume
Carrier type code nc
Source rdacarrier
504 ## - BIBLIOGRAPHY, ETC. NOTE
Bibliography, etc Includes bibliographical references and index.
650 #7 - SUBJECT ADDED ENTRY--TOPICAL TERM
Topical term or geographic name as entry element Groundwater flow.
Source of heading or term BUEsh
9 (RLIN) 23433
650 #7 - SUBJECT ADDED ENTRY--TOPICAL TERM
Topical term or geographic name as entry element Water-rock interaction.
Source of heading or term BUEsh
9 (RLIN) 23434
650 #7 - SUBJECT ADDED ENTRY--TOPICAL TERM
Topical term or geographic name as entry element Rocks
General subdivision Permeability.
Source of heading or term BUEsh
9 (RLIN) 23435
650 #7 - SUBJECT ADDED ENTRY--TOPICAL TERM
Topical term or geographic name as entry element Fluid dynamics.
Source of heading or term BUEsh
9 (RLIN) 23436
653 ## - INDEX TERM--UNCONTROLLED
Arrived date list April2011
655 ## - INDEX TERM--GENRE/FORM
Form subdivision Reading book
942 ## - ADDED ENTRY ELEMENTS (KOHA)
Source of classification or shelving scheme Dewey Decimal Classification
Koha item type Book - Borrowing
Holdings
Withdrawn status Lost status Source of classification or shelving scheme Damaged status Not for loan Collection code Home library Current library Shelving location Date acquired Source of acquisition Cost, normal purchase price Serial Enumeration / chronology Total Checkouts Total Renewals Full call number Barcode Date last seen Date checked out Price effective from Koha item type
    Dewey Decimal Classification     Arab Oasis Central Library Central Library First floor 28/04/2011   420.00 72 1 1 551.49 PHI 000023428 15/07/2025 31/01/2017 28/04/2011 Book - Borrowing